000 01422nam a22002891i 4500
003 SA-RiAUC
005 20241230072327.0
008 241229s2009 le g 000k0bara c
020 _a9789953817927
040 _aSA-RiIMS
_bara
_cSA-RiAUC
_erda
082 0 4 _a237.3
_qSA-RiAUC
090 _a237.3
_bا ب و ب
100 1 _aأبو بكر بن العربي، محمد بن عبد الله بن محمد،
_d468-543 هجري
_eمؤلف.
245 1 0 _aسراج المهتدين في آداب الصالحين /
_cأبو بكر محمد بن عبد الله بن محمد ابن العربي المعافري الإشبيلي ؛ تحقيق محمد بن الأمين بوخبزة الحسني ؛ اعتنى به بدر العمراني الطنجي.
250 _aالطبعة الأولى.
264 1 _aبيروت :
_bدار ابن حزم للطباعة والنشر والتوزيع،
_c2009
300 _a226 صفحة ؛
_c24 سم
336 _aنص
_btxt
_2rdacontent
_3كتاب
337 _aبدون وسيط
_bn
_2rdamedia
338 _aمجلد
_bnc
_2rdacarrier
563 _aتجليد سلوفان.
650 7 _aالحديث
_xجوامع الفنون
_2aucsh
700 1 _aالحسني، محمد بن الأمين بوخبزة،
_d1932-2020
_eمحقق.
700 1 _aالعمراني، بدر بن عبد الإله،
_d1975-
_eمراجع.
942 _2ddc
_cBOOK
_n0
949 _aSA-JeALM
_d241229
_uosman123
_n1
999 _c4082
_d4082